Classement FIFA: Top 20 - Statistiques

Statistiques générales
  • Ce quiz a été pris 2 056 fois
  • Le résultat moyen est 17 sur 20
Statistiques - réponses
Réponse % Correct
France
100%
Argentine
98%
Brésil
98%
Espagne
97%
Belgique
96%
Angleterre
95%
Italie
95%
Portugal
95%
Allemagne
93%
Pays-Bas
85%
Uruguay
83%
Etats-Unis
81%
Suisse
81%
Croatie
80%
Mexique
80%
Sénégal
76%
Colombie
75%
Suède
73%
Danemark
72%
Pays de Galles
32%
Aucun quiz correspondant
Distribution des résultats
% des personnes avec chaque résultat
Percentile par nombre de réponses
Votre historique - résultats
Vous n’avez pas pris ce quiz